[Event "Isle of Man Open"]
[Site "Douglas"]
[Date "20.10.2018"]
[Round "1.27"]
[White "Kovalev, Vladislav"]
[Black "Guramishvili, Sopiko"]
[Result "1-0"]
[WhiteTitle "GM"]
[BlackTitle "IM"]
[WhiteElo "2664"]
[BlackElo "2378"]
[WhiteFideId "13504398"]
[BlackFideId "13602888"]
[EventDate "2018.10.20"]

1. e4 c5 2. Nf3 d6 3. d4 cxd4 4. Nxd4 Nf6 5. Nc3 a6 6. g3 e5 7. Nf3 Be7 8. Nh4
O-O 9. Nf5 Bxf5 10. exf5 Qc8 11. Bg2 h6 12. g4 d5 13. Nxd5 Nxd5 14. Qxd5 Bb4+
15. Kf1 Rd8 16. Qb3 Nc6 17. c3 Bc5 18. Be4 Rd6 19. h4 Qd7 20. g5 Rd1+ 21. Kg2
Rxh1 22. Kxh1 Bxf2 23. gxh6 Bxh4 24. Be3 Na5 25. Qd5 Qc7 26. Rg1 Bf6 27. Qd1 Qc4
28. Qf3 Nc6 29. hxg7 1-0

[Event "Isle of Man Open"]
[Site "Douglas"]
[Date "20.10.2018"]
[Round "1.28"]
[White "Wallace, John Paul"]
[Black "Melkumyan, Hrant"]
[Result "0-1"]
[WhiteTitle "IM"]
[BlackTitle "GM"]
[WhiteElo "2377"]
[BlackElo "2660"]
[WhiteFideId "3200957"]
[BlackFideId "13302485"]
[EventDate "2018.10.20"]

1. Nf3 c5 2. e4 Nc6 3. d4 cxd4 4. Nxd4 g6 5. c4 Nf6 6. Nc3 d6 7. f3 Nxd4 8. Qxd4
Bg7 9. Be3 O-O 10. Qd2 a5 11. b3 Bd7 12. Be2 Bc6 13. Rc1 Nd7 14. O-O Nc5 15. Rc2
Be5 16. Kh1 e6 17. Bg5 f6 18. Be3 Qe7 19. Nd1 f5 20. exf5 Rxf5 21. Nf2 Qh4 22.
Nh3 Raf8 23. Qe1 Qh5 24. Kg1 g5 25. Qd1 Qg6 26. Rd2 Qf6 27. Bd4 h5 28. Bxe5 Qxe5
29. Re1 g4 30. Bd3 Qd4+ 31. Nf2 Nxd3 32. Rxd3 Qg7 33. Rxd6 Bxf3 34. Qd4 e5 35.
Qb6 Bc6 36. Rd2 g3 37. hxg3 Qxg3 0-1

[Event "Isle of Man Open"]
[Site "Douglas"]
[Date "20.10.2018"]
[Round "1.29"]
[White "Xiong, Jeffery"]
[Black "Karavade, Eesha"]
[Result "1-0"]
[WhiteTitle "GM"]
[BlackTitle "IM"]
[WhiteElo "2656"]
[BlackElo "2374"]
[WhiteFideId "2047640"]
[BlackFideId "5012600"]
[EventDate "2018.10.20"]

1. e4 c6 2. d4 d5 3. e5 c5 4. dxc5 e6 5. Nf3 Bxc5 6. a3 Ne7 7. Bd3 Ng6 8. O-O
O-O 9. Ng5 Be7 10. Qh5 Bxg5 11. Bxg5 Qc7 12. Nc3 Nc6 13. f4 Nd4 14. Rae1 h6 15.
Bf6 gxf6 16. exf6 Nf5 17. Bxf5 exf5 18. Nxd5 Qc5+ 19. Re3 Rd8 20. Qxh6 Qf8 21.
Ne7+ 1-0

[Event "Isle of Man Open"]
[Site "Douglas"]
[Date "20.10.2018"]
[Round "1.30"]
[White "Jackson, James P"]
[Black "Short, Nigel D"]
[Result "0-1"]
[WhiteTitle "FM"]
[BlackTitle "GM"]
[WhiteElo "2371"]
[BlackElo "2652"]
[WhiteFideId "416860"]
[BlackFideId "400025"]
[EventDate "2018.10.20"]

1. e4 e5 2. Nf3 Nc6 3. Bb5 Nge7 4. Nc3 d6 5. d4 a6 6. Bxc6+ Nxc6 7. Bg5 f6 8.
Be3 Be7 9. d5 Nb8 10. h3 c5 11. a4 O-O 12. g4 Rf7 13. Nd2 Nd7 14. Qe2 g6 15. f4
exf4 16. Bxf4 Ne5 17. O-O Bd7 18. Rf2 b5 19. Bxe5 dxe5 20. axb5 axb5 21. Rxa8
Qxa8 22. Nxb5 Qa1+ 23. Rf1 Qxb2 24. c4 Bxb5 25. cxb5 c4 26. Rb1 Qc2 27. Qe1 Bc5+
28. Kh1 Qd3 29. Kg2 Ra7 0-1

[Event "Isle of Man Open"]
[Site "Douglas"]
[Date "20.10.2018"]
[Round "1.31"]
[White "L'Ami, Erwin"]
[Black "Serarols Mabras, Bernat"]
[Result "1-0"]
[WhiteTitle "GM"]
[BlackTitle "FM"]
[WhiteElo "2639"]
[BlackElo "2367"]
[WhiteFideId "1007998"]
[BlackFideId "2238276"]
[EventDate "2018.10.20"]

1. e4 c6 2. Nc3 d5 3. Nf3 Bg4 4. d4 e6 5. h3 Bxf3 6. Qxf3 dxe4 7. Qxe4 Nf6 8.
Qd3 Be7 9. g3 O-O 10. Bg2 Nbd7 11. O-O Qc7 12. Ne2 Rfd8 13. Qb3 Qb6 14. c3 Rac8
15. Nf4 Qxb3 16. axb3 a6 17. Nd3 Bd6 18. Re1 Re8 19. f4 Red8 20. g4 Kf8 21. b4
Nd5 22. Bf3 Kg8 23. Kf2 Nf8 24. f5 exf5 25. gxf5 Nd7 26. Nc5 Rc7 27. Bg5 N7f6
28. Bxd5 cxd5 29. Bxf6 gxf6 30. Nd3 Rcc8 31. Kf3 Kf8 32. Re2 Bc7 33. Rg2 h5 34.
Rag1 b6 35. Rg8+ Ke7 36. Re1+ Kd7 37. Rg7 Rf8 38. Re6 Rce8 39. Rxf6 Ke7 40. Re6+
Kd8 41. Rxe8+ Kxe8 42. Nf4 1-0

[Event "Isle of Man Open"]
[Site "Douglas"]
[Date "20.10.2018"]
[Round "1.32"]
[White "Lubbe, Melanie"]
[Black "Meier, Georg"]
[Result "0-1"]
[WhiteTitle "WGM"]
[BlackTitle "GM"]
[WhiteElo "2359"]
[BlackElo "2639"]
[WhiteFideId "4690745"]
[BlackFideId "4675789"]
[EventDate "2018.10.20"]

1. e4 e6 2. d4 d5 3. Nc3 Bb4 4. Ne2 dxe4 5. a3 Be7 6. Nxe4 Nf6 7. N2c3 O-O 8.
Be3 Nc6 9. Ng5 e5 10. d5 Nd4 11. Bxd4 exd4 12. Qxd4 c6 13. Bd3 Nxd5 14. Bxh7+
Kh8 15. h4 Bf6 16. Qd2 Nxc3 17. bxc3 Qxd2+ 18. Kxd2 g6 19. Rab1 Kg7 20. Rb4 Rh8
21. Rf4 Bf5 22. g4 Bxg5 23. hxg5 Be6 0-1

[Event "Isle of Man Open"]
[Site "Douglas"]
[Date "20.10.2018"]
[Round "1.33"]
[White "Shirov, Alexei"]
[Black "Ravi, Teja S."]
[Result "1/2-1/2"]
[WhiteTitle "GM"]
[BlackTitle "IM"]
[WhiteElo "2636"]
[BlackElo "2357"]
[WhiteFideId "2209390"]
[BlackFideId "5017220"]
[EventDate "2018.10.20"]

1. d4 d5 2. c4 c6 3. Nf3 Nf6 4. e3 Bf5 5. Nc3 a6 6. Ne5 Nbd7 7. Qb3 Qc7 8. Nxd7
Qxd7 9. Na4 Qc7 10. Nb6 Rd8 11. cxd5 cxd5 12. Qa4+ Bd7 13. Nxd7 Qxd7 14. Qxd7+
Kxd7 15. Bd3 e6 16. Ke2 Bd6 17. Bd2 Ne4 18. Ba5 Bc7 19. Bxc7 Kxc7 20. Rhc1+ Kd7
21. f3 Nd6 22. Kd2 Rc8 23. Rc5 f5 24. b4 Ra8 25. Rac1 Rhc8 26. g4 fxg4 27. fxg4
h6 28. h4 b6 29. Rxc8 Nxc8 30. b5 Nd6 31. bxa6 b5 32. a4 Nc4+ 33. Bxc4 bxc4 34.
Rb1 Rxa6 35. Rb7+ Kd6 36. Rxg7 Rxa4 37. Rg6 Ra2+ 38. Kd1 Ra1+ 39. Kd2 Ra2+ 40.
Kd1 Ra1+ 41. Kd2 1/2-1/2

[Event "Isle of Man Open"]
[Site "Douglas"]
[Date "20.10.2018"]
[Round "1.34"]
[White "Mortazavi, Ali"]
[Black "Sevian, Samuel"]
[Result "0-1"]
[WhiteTitle "IM"]
[BlackTitle "GM"]
[WhiteElo "2353"]
[BlackElo "2634"]
[WhiteFideId "401323"]
[BlackFideId "2040506"]
[EventDate "2018.10.20"]

1. e4 e5 2. Nf3 Nc6 3. Bc4 Bc5 4. d3 Nf6 5. c3 d6 6. Bb3 a6 7. h3 h6 8. Nbd2 O-O
9. Nf1 Be6 10. g4 d5 11. Qe2 Na5 12. Nxe5 Nxb3 13. axb3 dxe4 14. d4 Bd6 15. g5
Bxe5 16. gxf6 Bxf6 17. Rg1 Kh8 18. Ng3 c5 19. dxc5 Bxb3 20. Be3 Re8 21. Nh5 Be5
22. Rxg7 Bxg7 23. Nxg7 Rg8 24. Bd4 Rxg7 25. c6 bxc6 26. Qg4 Qxd4 0-1

[Event "Isle of Man Open"]
[Site "Douglas"]
[Date "20.10.2018"]
[Round "1.35"]
[White "Sutovsky, Emil"]
[Black "Rapport, Jovana"]
[Result "1/2-1/2"]
[WhiteTitle "GM"]
[BlackTitle "WGM"]
[WhiteElo "2633"]
[BlackElo "2350"]
[WhiteFideId "2802007"]
[BlackFideId "937266"]
[EventDate "2018.10.20"]

1. e4 e6 2. d4 d5 3. Nc3 dxe4 4. Nxe4 Bd7 5. Nf3 Bc6 6. Bd3 Nd7 7. O-O Ngf6 8.
Ng3 g6 9. b3 Bg7 10. Ba3 Bf8 11. Bb2 Bg7 12. Ba3 Bf8 13. Bb2 Bg7 14. c4 O-O 15.
b4 Bxf3 16. Qxf3 c6 17. a4 Qc7 18. a5 Rfe8 19. Rfe1 e5 20. dxe5 Nxe5 21. Qf4
Nfd7 22. Rab1 c5 23. Be4 cxb4 24. a6 Nc5 25. axb7 Rad8 26. Rbd1 Rxd1 27. Rxd1
Nxb7 28. h4 Nc5 29. h5 Ne6 30. Qh4 Qxc4 31. h6 1/2-1/2

[Event "Isle of Man Open"]
[Site "Douglas"]
[Date "20.10.2018"]
[Round "1.36"]
[White "Arakhamia-Grant, Ketevan"]
[Black "Parligras, Mircea-Emilian"]
[Result "1/2-1/2"]
[WhiteTitle "GM"]
[BlackTitle "GM"]
[WhiteElo "2345"]
[BlackElo "2623"]
[WhiteFideId "13600168"]
[BlackFideId "1204297"]
[EventDate "2018.10.20"]

1. e4 c5 2. Nf3 d6 3. d4 cxd4 4. Nxd4 Nf6 5. Nc3 a6 6. Be3 e6 7. a3 b5 8. g4 Bb7
9. Bg2 d5 10. e5 Ne4 11. Nxe4 dxe4 12. Qe2 Nd7 13. O-O-O Qc7 14. Bf4 Nc5 15. Kb1
Rc8 16. h4 Be7 17. g5 O-O 18. h5 Rfd8 19. g6 Bf8 20. Bh3 Bd5 21. gxf7+ Qxf7 22.
Bg5 Rd7 23. Rhg1 Bc4 24. Qe3 Rcc7 25. h6 g6 26. f4 exf3 27. Nxf3 Rxd1+ 28. Rxd1
Rd7 29. Nd4 Be7 30. Bxe7 Qxe7 31. b3 Bd5 32. Kb2 Rc7 33. Rf1 Nd7 34. Ne2 Qc5 35.
Qxc5 Nxc5 36. Nc3 Rf7 37. Rd1 Bf3 38. Rd6 g5 39. b4 g4 40. Bxg4 Bxg4 41. bxc5
Rc7 42. Rxa6 Kf7 43. c6 Bf3 44. Nxb5 Rxc6 45. Rxc6 Bxc6 46. Nd4 Bd7 47. Kc3 Kg6
48. Kd3 Kxh6 49. Ke3 Kg5 50. c4 Kg4 51. c5 h5 52. c6 Bc8 53. Nb5 h4 54. Nd6 Ba6
55. c7 h3 56. Kf2 Kf4 57. c8=Q Bxc8 58. Nxc8 Kxe5 59. a4 Kd5 60. a5 Kc6 61. a6
Kc7 62. a7 Kb7 63. Kg3 h2 64. Kxh2 e5 65. Kg2 e4 66. Kf2 e3+ 67. Kxe3 Ka8 68.
Kd4 Kb7 69. Kc5 Ka8 70. Kd6 Kb7 1/2-1/2

[Event "Isle of Man Open"]
[Site "Douglas"]
[Date "20.10.2018"]
[Round "1.37"]
[White "Ganguly, Surya Shekhar"]
[Black "Bellon Lopez, Juan Manuel"]
[Result "1/2-1/2"]
[WhiteTitle "GM"]
[BlackTitle "GM"]
[WhiteElo "2622"]
[BlackElo "2342"]
[WhiteFideId "5002150"]
[BlackFideId "2200031"]
[EventDate "2018.10.20"]

1. e4 c5 2. Nf3 e6 3. Nc3 Nc6 4. d4 cxd4 5. Nxd4 Nf6 6. Ndb5 Bc5 7. Bf4 O-O 8.
Bc7 Qe7 9. Bd6 Bxd6 10. Qxd6 Ne8 11. Qxe7 Nxe7 12. O-O-O f5 13. Nd6 Nxd6 14.
Rxd6 fxe4 15. Nxe4 Nf5 16. Rd2 d5 17. Ng5 Nh4 18. g3 Nf3 19. Nxf3 Rxf3 20. c4
Rf7 21. b3 Bd7 22. cxd5 exd5 23. Bg2 Bc6 24. f4 Rc8 25. Rhd1 Kf8 26. Kb2 Rd8 27.
Kc2 Rc7 28. Re1 d4 29. Bxc6 Rxc6+ 30. Kb2 Kf7 31. Re4 d3 32. Ra4 a6 33. Rc4 Kf6
34. Kc3 Kf5 35. Rxd3 Rxc4+ 36. bxc4 Rxd3+ 37. Kxd3 Kg4 38. Kd4 h5 39. Ke3 Kh3
40. f5 Kxh2 41. Kf2 Kh3 42. Kf3 a5 43. a4 Kh2 44. g4 hxg4+ 45. Kxg4 Kg2 46. Kf4
Kf2 47. Ke4 Ke2 48. c5 Kd2 49. Kd4 Ke2 50. Ke4 Kd2 51. Kd4 Ke2 52. Ke4 Kd2 53.
Kd4 Ke2 1/2-1/2

[Event "Isle of Man Open"]
[Site "Douglas"]
[Date "20.10.2018"]
[Round "1.38"]
[White "Wu, Li"]
[Black "Tari, Aryan"]
[Result "0-1"]
[BlackTitle "GM"]
[WhiteElo "2335"]
[BlackElo "2618"]
[WhiteFideId "411086"]
[BlackFideId "1510045"]
[EventDate "2018.10.20"]

1. Nf3 c5 2. c4 Nc6 3. Nc3 g6 4. e3 Nf6 5. d4 cxd4 6. exd4 d5 7. cxd5 Nxd5 8.
Bc4 Nb6 9. Bb5 Bg7 10. O-O O-O 11. Be3 Be6 12. Bxc6 bxc6 13. Rc1 a5 14. Re1 a4
15. Bf4 Nd5 16. Be5 Bh6 17. Rc2 Nb4 18. Rce2 Nxa2 19. Nxa2 Bxa2 20. Re4 f6 21.
Bg3 Ra7 22. Qc2 Bd5 23. Rh4 Kg7 24. Nd2 Qa5 25. f4 Qb4 26. Bf2 Rb8 0-1

[Event "Isle of Man Open"]
[Site "Douglas"]
[Date "20.10.2018"]
[Round "1.39"]
[White "Donchenko, Alexander"]
[Black "Gavilan Diaz, Mario"]
[Result "1-0"]
[WhiteTitle "GM"]
[BlackTitle "FM"]
[WhiteElo "2610"]
[BlackElo "2334"]
[WhiteFideId "24603295"]
[BlackFideId "2260905"]
[EventDate "2018.10.20"]

1. Nf3 c5 2. c4 Nf6 3. Nc3 b6 4. d4 cxd4 5. Nxd4 Bb7 6. f3 a6 7. e4 d6 8. Be3 e6
9. Be2 Nbd7 10. O-O Be7 11. a4 O-O 12. a5 bxa5 13. Nb3 Rb8 14. Nxa5 Ba8 15. Qd2
d5 16. cxd5 exd5 17. exd5 Bc5 18. Bxc5 Nxc5 19. Bc4 Qb6 20. Qd4 Rfd8 21. Kh1 Na4
22. Qxb6 Nxb6 23. Bxa6 Nbxd5 24. Nxd5 Bxd5 25. b3 h5 26. Rfd1 h4 27. h3 Re8 28.
Rdb1 Nh5 29. b4 Rb6 30. Bf1 Reb8 31. Rd1 Be6 32. Kg1 Ng3 33. Rac1 g5 34. Nc6
Rxc6 35. Rxc6 Rxb4 36. Rc5 Bf5 37. Bc4 Kg7 38. Rd2 Bg6 39. Ba2 Kh6 40. Rc4 Rb6
41. Rc7 Kg7 42. Rdd7 Rb2 43. Bxf7 Rb1+ 44. Kf2 Rb2+ 45. Ke3 Re2+ 46. Kd4 Rd2+
47. Ke5 Rxd7 48. Rxd7 Bxf7 49. Rb7 Kg6 50. Rb6+ Kg7 51. f4 gxf4 52. Kxf4 Bd5 53.
Rb2 Kf6 54. Kg4 Nf5 55. Rb6+ Ke5 56. Rb5 Kf6 57. Ra5 Be6 58. Ra6 Ne3+ 59. Kf3
Nf5 60. Kf4 Ne7 61. g4 hxg3 62. Kxg3 Nf5+ 63. Kg4 Ng7+ 64. Kf4 Nh5+ 65. Kf3 Ng7
66. h4 Kg6 67. Ra5 Nf5 68. Kg4 Ng7+ 69. Kf4 Nh5+ 70. Ke4 Bf5+ 71. Ke5 Ng7 72.
Ra6+ Be6 73. Rb6 Kh5 74. Kf6 Kxh4 75. Kxg7 Bg4 76. Kf6 Kg3 77. Ke5 Kf3 78. Rb3+
Ke2 79. Kd4 Kd2 80. Rb2+ Kc1 81. Kc3 Bc8 82. Rb8 Bd7 83. Rd8 Bc6 84. Rc8 Ba4 85.
Ra8 Bc2 86. Ra1+ Bb1 87. Kb3 1-0

[Event "Isle of Man Open"]
[Site "Douglas"]
[Date "20.10.2018"]
[Round "1.40"]
[White "Dubinski, Mateusz"]
[Black "Jumabayev, Rinat"]
[Result "0-1"]
[WhiteTitle "FM"]
[BlackTitle "GM"]
[WhiteElo "2327"]
[BlackElo "2605"]
[WhiteFideId "1125923"]
[BlackFideId "13702661"]
[EventDate "2018.10.20"]

1. d4 Nf6 2. Nf3 g6 3. Bf4 Bg7 4. e3 c5 5. c3 Qb6 6. Qb3 d6 7. Nbd2 Nh5 8. Bg5
h6 9. Bh4 g5 10. Bg3 Nd7 11. Qc2 Qc7 12. d5 a6 13. a4 Ndf6 14. e4 b6 15. Nc4
Nxg3 16. hxg3 Rb8 17. Be2 b5 18. axb5 axb5 19. Ne3 b4 20. Nd2 h5 21. Rd1 g4 22.
Ndc4 Kf8 23. O-O h4 24. gxh4 Rxh4 25. g3 Rh5 26. Kg2 Bd7 27. Rh1 Rh3 28. Nf5
Rxh1 29. Kxh1 Bxf5 30. exf5 Qb7 31. Ne3 bxc3 32. bxc3 Qb2 33. Rd2 Qb1+ 34. Kg2
Bh6 35. Qxb1 Rxb1 36. Rd1 Rb2 37. Nxg4 Rxe2 38. Nxh6 Kg7 39. Rh1 Rc2 40. g4 Rxc3
41. g5 Nxd5 42. Rh4 Rd3 43. Rg4 e5 44. Ra4 Nf4+ 45. Kh2 Rh3+ 46. Kg1 Rh5 47. g6
Rxh6 0-1

[Event "Isle of Man Open"]
[Site "Douglas"]
[Date "20.10.2018"]
[Round "1.41"]
[White "Fridman, Daniel"]
[Black "Bellin, Robert"]
[Result "1-0"]
[WhiteTitle "GM"]
[BlackTitle "IM"]
[WhiteElo "2600"]
[BlackElo "2326"]
[WhiteFideId "11600454"]
[BlackFideId "400343"]
[EventDate "2018.10.20"]

1. d4 f5 2. g3 Nf6 3. Bg2 e6 4. Nf3 b5 5. Qd3 c6 6. Bg5 Be7 7. Nbd2 d5 8. Ne5
O-O 9. O-O Qb6 10. a4 a5 11. Qe3 Na6 12. c3 Ra7 13. h3 c5 14. axb5 Qxb5 15. c4
Qxb2 16. Nc6 cxd4 17. Qe5 Qb6 18. Nxa7 Qxa7 19. cxd5 Ng4 20. hxg4 Bxg5 21. Rfc1
Bf6 22. Qd6 Be7 23. Qc6 Bd7 24. Qc4 Rc8 25. Qa2 Rxc1+ 26. Rxc1 Nb4 27. Qc4 1-0

[Event "Isle of Man Open"]
[Site "Douglas"]
[Date "20.10.2018"]
[Round "1.42"]
[White "Sahl, Bjarke"]
[Black "Vaibhav, Suri"]
[Result "0-1"]
[WhiteTitle "IM"]
[BlackTitle "GM"]
[WhiteElo "2322"]
[BlackElo "2597"]
[WhiteFideId "1400231"]
[BlackFideId "5045185"]
[EventDate "2018.10.20"]

1. Nf3 d5 2. c4 e6 3. b3 Nf6 4. g3 Be7 5. Bg2 O-O 6. O-O b6 7. Bb2 c5 8. Ne5 Bb7
9. e3 Qc8 10. Nc3 Rd8 11. cxd5 exd5 12. d4 Nc6 13. Rc1 Nxe5 14. dxe5 d4 15. Bxb7
Qxb7 16. exd4 Rxd4 17. Qe2 Ne4 18. Qf3 Rb8 19. Nxe4 Qxe4 20. Qxe4 Rxe4 21. Rc2
Rd8 22. Kg2 Rd3 23. f3 Ree3 24. Rff2 h5 25. Rce2 Rxe2 26. Rxe2 Kh7 27. Kf2 Kg6
28. Re3 Rd1 29. Re1 Rd7 30. Ke3 Kf5 31. h3 Rd8 32. Re2 Rd1 33. g4+ Ke6 34. f4
Rh1 35. f5+ Kd5 36. Kf4 Rxh3 37. f6 gxf6 38. exf6 Bd6+ 39. Be5 Bf8 40. Rd2+ Ke6
41. Re2 Rh4 42. Kg5 Rxg4+ 43. Kxh5 Rg6 44. Bb2+ Kf5 45. Rf2+ Ke4 46. Rd2 Bh6 47.
Re2+ Kf3 0-1

[Event "Isle of Man Open"]
[Site "Douglas"]
[Date "20.10.2018"]
[Round "1.43"]
[White "Svane, Rasmus"]
[Black "Kolbus, Dietmar"]
[Result "1-0"]
[WhiteTitle "GM"]
[BlackTitle "IM"]
[WhiteElo "2595"]
[BlackElo "2313"]
[WhiteFideId "4657101"]
[BlackFideId "4610628"]
[EventDate "2018.10.20"]

1. d4 d5 2. c4 c6 3. Nc3 Nf6 4. e3 a6 5. Nf3 Bf5 6. cxd5 cxd5 7. Ne5 e6 8. g4
Bg6 9. h4 h6 10. Nxg6 fxg6 11. Bd3 Nc6 12. Bxg6+ Kd7 13. Rg1 Rc8 14. g5 hxg5 15.
hxg5 Ne8 16. e4 Kc7 17. exd5 exd5 18. Bf5 Rh4 19. Bxc8 Kxc8 20. Be3 Bb4 21. Qd3
Bxc3+ 22. Qxc3 Nd6 23. O-O-O Ne4 24. Qb3 Rh3 25. Qc2 Rf3 26. Rh1 Kb8 27. Rh4
Nxg5 28. Rdh1 Ne6 29. Rh8 Rf8 30. Rxf8 Qxf8 31. Qb3 Qf3 32. Rg1 g5 33. Qa3 Kc7
34. Qc3 Kb8 35. a3 Qe4 36. Qc2 Qf3 37. Qd2 Qe4 38. Re1 Qf5 39. Qc2 Qf6 40. Kb1
Qf7 41. Rh1 Qf6 42. Ka2 Ne7 43. Qh7 Nf5 44. Qg8+ Ka7 45. Rh7 Nfg7 46. Qc8 Qe7
47. Bd2 b6 48. Bb4 Qb7 49. Qxb7+ Kxb7 50. Bf8 Nxf8 51. Rxg7+ Kc6 52. Rxg5 Ne6
53. Rg6 Kd7 54. Kb1 b5 55. Kc1 a5 56. Rg4 1-0

[Event "Isle of Man Open"]
[Site "Douglas"]
[Date "20.10.2018"]
[Round "1.44"]
[White "Vaishali, R"]
[Black "Deac, Bogdan-Daniel"]
[Result "1/2-1/2"]
[WhiteTitle "WIM"]
[BlackTitle "GM"]
[WhiteElo "2313"]
[BlackElo "2594"]
[WhiteFideId "5091756"]
[BlackFideId "1226380"]
[EventDate "2018.10.20"]

1. e4 c5 2. Nf3 Nc6 3. Bb5 g6 4. O-O Bg7 5. Re1 Nf6 6. e5 Nd5 7. Nc3 Nc7 8. Bxc6
dxc6 9. Ne4 Ne6 10. d3 b6 11. Bd2 O-O 12. Qc1 Re8 13. Bh6 Bh8 14. Ng3 Qc7 15. h4
Bd7 16. h5 Rad8 17. hxg6 hxg6 18. Re4 Bc8 19. Qe3 Nd4 20. Nxd4 cxd4 21. Qg5 Rd5
22. Rae1 Be6 23. f4 Qd7 24. Kf2 Rc5 25. Rh1 Rxc2+ 26. Re2 Rxe2+ 27. Nxe2 Bg4 28.
Ng3 Qe6 29. Bf8 Rxf8 30. Qh6 Bh5 31. Nxh5 Rd8 32. Qxh8+ Kxh8 33. Nf6+ Kg7 34.
Rh7+ Kf8 35. Rh8+ 1/2-1/2

[Event "Isle of Man Open"]
[Site "Douglas"]
[Date "20.10.2018"]
[Round "1.45"]
[White "Antipov, Mikhail Al."]
[Black "Paterek, Michal"]
[Result "1/2-1/2"]
[WhiteTitle "GM"]
[BlackTitle "FM"]
[WhiteElo "2593"]
[BlackElo "2311"]
[WhiteFideId "4107012"]
[BlackFideId "1116142"]
[EventDate "2018.10.20"]

1. e4 c6 2. d4 d5 3. e5 Bf5 4. h4 h5 5. Bd3 Bxd3 6. Qxd3 e6 7. Bg5 Qa5+ 8. Nd2
c5 9. Nf3 Nc6 10. O-O c4 11. Qe2 Nge7 12. c3 Nf5 13. Rfc1 Rc8 14. a4 Be7 15.
Bxe7 Ncxe7 16. b3 cxb3 17. Nxb3 Qc7 18. Nc5 b6 19. Nd3 Nc6 20. g3 Na5 21. Nd2 g6
22. Kg2 Kf8 23. Qf3 Kg7 24. Qf4 Qe7 25. Qf3 Rc7 26. Nf4 Rhc8 27. Ne2 Qe8 28. Qd3
Qe7 29. Rcb1 Rc6 30. Ra2 Qe8 31. Nb3 Nxb3 32. Rxb3 Rc4 33. a5 Ra4 34. Rba3 Rxa3
35. Rxa3 b5 36. a6 Rc4 37. Qd2 Rc6 38. Ra1 Rb6 39. Qc1 Qe7 40. Ra2 Qd7 41. Qg5 1/2-1/2

[Event "Isle of Man Open"]
[Site "Douglas"]
[Date "20.10.2018"]
[Round "1.46"]
[White "Heinemann, Josefine"]
[Black "Huschenbeth, Niclas"]
[Result "0-1"]
[WhiteTitle "WIM"]
[BlackTitle "GM"]
[WhiteElo "2308"]
[BlackElo "2589"]
[WhiteFideId "12900460"]
[BlackFideId "24604747"]
[EventDate "2018.10.20"]

1. e4 e5 2. Nf3 Nc6 3. Bb5 a6 4. Ba4 Nf6 5. O-O d6 6. c3 Bd7 7. d4 g6 8. d5 Ne7
9. Bxd7+ Nxd7 10. c4 Bg7 11. Nc3 h6 12. Ne1 O-O 13. Be3 f5 14. f3 Nf6 15. Nd3
Qd7 16. Rc1 Rf7 17. c5 Raf8 18. Qe2 g5 19. b4 g4 20. Kh1 gxf3 21. gxf3 Kh7 22.
Rg1 Nh5 23. f4 fxe4 24. Qxh5 exd3 25. fxe5 Qf5 26. Qxf5+ Nxf5 27. e6 Nxe3 28.
exf7 d2 29. Rxg7+ Kxg7 30. Rg1+ Kxf7 31. Nd1 Re8 32. Nb2 Re5 33. cxd6 cxd6 34.
Rb1 Nxd5 0-1

[Event "Isle of Man Open"]
[Site "Douglas"]
[Date "20.10.2018"]
[Round "1.47"]
[White "Gupta, Abhijeet"]
[Black "Strunski, Andreas"]
[Result "1-0"]
[WhiteTitle "GM"]
[BlackTitle "IM"]
[WhiteElo "2588"]
[BlackElo "2306"]
[WhiteFideId "5010608"]
[BlackFideId "24606073"]
[EventDate "2018.10.20"]

1. Nf3 d5 2. g3 g6 3. c4 c6 4. Bg2 Bg7 5. O-O Nf6 6. b3 O-O 7. Bb2 a5 8. Nc3 Bf5
9. cxd5 Nxd5 10. Na4 Bxb2 11. Nxb2 Be4 12. d3 Bxf3 13. Bxf3 Nd7 14. d4 Re8 15.
e4 N5b6 16. Bg2 e5 17. dxe5 Nxe5 18. f4 Qxd1 19. Rfxd1 Ng4 20. Bf3 h5 21. Nd3 a4
22. Nc5 Re7 23. b4 Kg7 24. Rd4 Nf6 25. Rad1 Ra7 26. Rd8 a3 27. R1d3 Re8 28. e5 1-0

[Event "Isle of Man Open"]
[Site "Douglas"]
[Date "20.10.2018"]
[Round "1.48"]
[White "Kulkarni, Rakesh"]
[Black "Tregubov, Pavel V."]
[Result "0-1"]
[BlackTitle "GM"]
[WhiteElo "2297"]
[BlackElo "2588"]
[WhiteFideId "5037077"]
[BlackFideId "4115341"]
[EventDate "2018.10.20"]

1. e4 c5 2. c3 d5 3. exd5 Qxd5 4. d4 g6 5. Nf3 Bg7 6. Na3 cxd4 7. Bc4 Qe4+ 8.
Be3 Nh6 9. cxd4 O-O 10. O-O Nf5 11. Re1 Nxe3 12. Rxe3 Qf4 13. Ne5 Nc6 14. Rf3
Qxd4 15. Nxf7 Qxd1+ 16. Rxd1 Bxb2 17. Ng5+ Kg7 18. Rxf8 Kxf8 19. Nb5 Bf5 20. Nc7
Rc8 21. Nce6+ Ke8 22. g3 Bg4 23. Rb1 Nd4 24. Rxb2 Rxc4 25. Nxd4 Rxd4 26. Rxb7 h6
27. Rb8+ Kd7 28. Nf7 Ke6 29. Nxh6 Bh3 30. f3 Rd2 31. Rb1 Rg2+ 32. Kh1 Rxa2 33.
Re1+ Kd5 34. Nf7 Bg2+ 35. Kg1 Bxf3 36. Rxe7 a5 37. h4 a4 38. Ng5 Bg4 39. Ne4 Kd4
40. Nd6 Bf3 41. Nb5+ Kc4 42. Nc3 Kxc3 43. Re3+ Kb4 44. Rxf3 Rc2 45. Rf8 a3 0-1

[Event "Isle of Man Open"]
[Site "Douglas"]
[Date "20.10.2018"]
[Round "1.49"]
[White "Hess, Robert"]
[Black "L'Ami, Alina"]
[Result "1-0"]
[WhiteTitle "GM"]
[BlackTitle "IM"]
[WhiteElo "2574"]
[BlackElo "2296"]
[WhiteFideId "2022036"]
[BlackFideId "1210246"]
[EventDate "2018.10.20"]

1. e4 c5 2. Nf3 d6 3. d4 cxd4 4. Nxd4 Nf6 5. Nc3 a6 6. h3 e5 7. Nde2 Be6 8. g4
Be7 9. Bg2 Nfd7 10. Ng3 g6 11. Be3 Nc6 12. Qd2 Rc8 13. Nd5 Bh4 14. O-O h5 15.
gxh5 gxh5 16. Rad1 Qa5 17. c3 Bxg3 18. fxg3 Qxa2 19. Qf2 Qc4 20. Kh2 Ne7 21.
Nxe7 Kxe7 22. Bg5+ Ke8 23. Rxd6 Rc6 24. Qa7 Rc8 25. Qxb7 Rg8 26. Bh4 Rg6 27.
Rfd1 Nf6 28. Bf1 Qc5 29. Qb6 Qxb6 30. Rxb6 Nxe4 31. Bxa6 Bb3 32. Bxc8 Bxd1 33.
Rb8 1-0